| 000 | 01537nam a2200241Ia 4500 | ||
|---|---|---|---|
| 003 | Ost | ||
| 005 | 20260507075353.0 | ||
| 008 | 260507s9999||||xx |||||||||||||| ||und|| | ||
| 020 | _a87063419779 | ||
| 040 | _cfsecg | ||
| 041 | _aara | ||
| 082 | _a330 | ||
| 100 |
_aمندور، عصام عمر أحمد _eمؤلف |
||
| 245 | 0 |
_aالبنوك الوضعية والشرعية : _bالنظام المصرفي- نظرية التمويل الإسلامي- البنوك الإسلامية / _c عصام عمر أحمد مندور |
|
| 260 |
_aالإسكندرية: _bدار التعليم الجامعي, _c2013 |
||
| 300 |
_a343 صفحة؛ _bإيضاحات ؛ _c24 سم |
||
| 520 | _aنشأة البنوك- البنوك التجارية- البنوك التجارية وخلق الودائع- البنوك المتخصصة- بنوك الإستثمار- البنوك الإلكترونية- البنك المركزي- البنوك الشاملة- الآثار الإقتصادية للعولمة على الجهاز المصرفي- البنوك الإسلامية- نظرية التمويل الإسلامي والحاجة الى البنوك الإسلامية- المصارف الإسلامية- الحلول المقترحة لإشكاليات العلاقة بين البنك المركزي التقليدي والمصارف الإسلامية | ||
| 653 | _aالإقتصاد الإسلامي | ||
| 653 | _aالبنوك | ||
| 653 | _aالبنوك الإسلامية | ||
| 653 | _aالنظام المصرفي | ||
| 942 | _cكتاب | ||
| 999 |
_c44168 _d44168 |
||